[Event "BL 9394 HSK-Stadthagen"]
[Site "?"]
[Date "1994.??.??"]
[Round "?.4"]
[White "Michaelsen, N."]
[Black "Knaak, R."]
[Result "1/2-1/2"]
[WhiteElo "2430"]
[BlackElo "2530"]
[PlyCount "119"]
[EventDate "1994.??.??"]

1. d4 e6 2. c4 d5 3. Nf3 c6 4. e3 Nd7 5. Bd3 Bd6 6. O-O f5 7. b3 Nh6 8. Ba3
Bxa3 9. Nxa3 O-O 10. b4 Kh8 11. b5 dxc4 12. Bxc4 Qe7 13. bxc6 bxc6 14. Nc2 Nf7
15. Rb1 Nb6 16. Qe2 c5 17. Rfc1 Bb7 18. Ba6 Be4 19. Nd2 Nd5 20. Nxe4 fxe4 21.
Ne1 cxd4 22. exd4 Nd6 23. Rc6 Rf7 24. f3 e3 25. Nd3 Rff8 26. Qb2 Nf5 27. Bc4
Rad8 28. Ne5 Nf4 29. Rd1 Qg5 30. g4 Nh4 31. Be2 Nh3+ 32. Kf1 Qf4 33. Rd3 Qxh2
34. Ke1 Qg1+ 35. Bf1 Nxf3+ 36. Nxf3 Rxf3 37. Qg2 Qf2+ 38. Qxf2 exf2+ 39. Ke2
Rxd3 40. Kxd3 Nf4+ 41. Ke3 g5 42. Kxf2 Rxd4 43. Rc8+ Kg7 44. Rc7+ Kf6 45. Rxa7
h6 46. a4 Nd5 47. a5 Rf4+ 48. Ke1 Rxg4 49. a6 Ra4 50. Rh7 Ra1+ 51. Kf2 Ra2+ 52.
Ke1 Ne3 53. Rxh6+ Ke5 54. Be2 g4 55. Rg6 Kf5 56. Bd3+ Kf4 57. Rxe6 g3 58. Be4
Nc2+ 59. Bxc2 Rxc2 60. Kf1 1/2-1/2

[Event "BL 9394 HSK-Stadthagen"]
[Site "?"]
[Date "1994.??.??"]
[Round "?.5"]
[White "Tischbierek, R."]
[Black "Reefschlaeger, H."]
[Result "1-0"]
[WhiteElo "2490"]
[BlackElo "2385"]
[PlyCount "81"]
[EventDate "1994.??.??"]

1. e4 a6 2. d4 b5 3. Bd3 Bb7 4. Nf3 Nf6 5. Nbd2 e6 6. O-O c5 7. dxc5 Bxc5 8. e5
Nd5 9. Ne4 Be7 10. Bg5 O-O 11. Nd6 Bc6 12. Bxe7 Qxe7 13. a4 f6 14. Ne4 Nf4 15.
Re1 f5 16. Nd6 g5 17. Bf1 g4 18. Nd4 Qg7 19. Qd2 Ng6 20. Qc3 bxa4 21. Qc5 a5
22. Ra3 Nf4 23. N6b5 Na6 24. Qd6 Nb4 25. Nc7 Ra7 26. Nxc6 dxc6 27. Nxe6 Nxe6
28. Qxe6+ Kh8 29. Qc4 Re7 30. Rxa4 Rxe5 31. Rxe5 Qxe5 32. c3 Nc2 33. Qd3 Ne1
34. Qe3 Re8 35. Rxa5 Qxe3 36. fxe3 Rxe3 37. Rxf5 Nd3 38. Bxd3 Rxd3 39. Rc5 Rd6
40. Kf2 Kg7 41. Kg3 1-0

[Event "BL 9394 HSK-Stadthagen"]
[Site "?"]
[Date "1994.??.??"]
[Round "?.6"]
[White "Mowsziszian, K."]
[Black "Keitlinghaus, L."]
[Result "1/2-1/2"]
[WhiteElo "2490"]
[BlackElo "2510"]
[PlyCount "126"]
[EventDate "1994.??.??"]

1. d4 d5 2. Nf3 c6 3. c4 Nf6 4. Nc3 a6 5. c5 Bf5 6. h3 Nbd7 7. Bf4 e6 8. e3 Be7
9. g4 Bg6 10. Bd3 Bxd3 11. Qxd3 O-O 12. O-O Re8 13. b4 Nf8 14. a4 Ng6 15. Bg3
Nd7 16. e4 dxe4 17. Nxe4 Nf6 18. Nd6 Bxd6 19. Bxd6 Nd5 20. Qd2 Qf6 21. Ra3 Rad8
22. Re1 Rd7 23. Rb3 Qd8 24. Bg3 f5 25. Ne5 Nxe5 26. Bxe5 fxg4 27. hxg4 Qh4 28.
f3 Ne7 29. Qf2 Qh6 30. Rbe3 Nd5 31. Rb3 Rf8 32. Bd6 Rf6 33. b5 axb5 34. axb5
cxb5 35. Ra1 Rd8 36. Rxb5 Nf4 37. Bxf4 Rxf4 38. Rxb7 Qf6 39. Raa7 Rfxd4 40.
Rxg7+ Qxg7 41. Rxg7+ Kxg7 42. Qe3 Rd1+ 43. Kg2 R8d2+ 44. Kg3 Rc2 45. Qe5+ Kf7
46. Qh5+ Kg7 47. g5 Rg1+ 48. Kf4 Rc4+ 49. Ke3 Rgc1 50. Qh6+ Kg8 51. Qxe6+ Kg7
52. Qe5+ Kg8 53. Qe6+ Kg7 54. Qe5+ Kg8 55. Qe6+ Kg7 56. Qf6+ Kg8 57. f4 Rxc5
58. f5 Re1+ 59. Kf2 Ree5 60. Qd8+ Kf7 61. Qd7+ Kg8 62. Qd8+ Kg7 63. Qd7+ Kg8
1/2-1/2

[Event "BL 9394 HSK-Stadthagen"]
[Site "?"]
[Date "1994.??.??"]
[Round "?.7"]
[White "Heissler, J."]
[Black "Sievers, S."]
[Result "1-0"]
[WhiteElo "2425"]
[BlackElo "2330"]
[PlyCount "51"]
[EventDate "1994.??.??"]

1. e4 c5 2. Nf3 d6 3. d4 cxd4 4. Nxd4 Nf6 5. Nc3 g6 6. Be2 Bg7 7. O-O O-O 8.
Re1 Nc6 9. Nb3 Be6 10. Bf1 Rc8 11. Bg5 Ne5 12. Nd5 Nc4 13. Bxc4 Rxc4 14. Qd3 b5
15. Bxf6 exf6 16. Ne3 Qb6 17. c3 Rcc8 18. Nd4 b4 19. Nd5 Bxd5 20. exd5 bxc3 21.
bxc3 Rc5 22. Rab1 Qa5 23. c4 Qxa2 24. Nb3 Rc7 25. Ra1 Qb2 26. Re2 1-0

[Event "BL 9394 HSK-Stadthagen"]
[Site "?"]
[Date "1994.??.??"]
[Round "?.8"]
[White "Heinemann, T."]
[Black "Gauglitz, G."]
[Result "1/2-1/2"]
[WhiteElo "2380"]
[BlackElo "2420"]
[PlyCount "74"]
[EventDate "1994.??.??"]

1. e4 c5 2. Nf3 Nc6 3. Bb5 g6 4. O-O Bg7 5. c3 Nf6 6. Re1 O-O 7. d4 cxd4 8.
cxd4 d5 9. e5 Ne4 10. Nc3 Nxc3 11. bxc3 Na5 12. Bg5 h6 13. Bc1 Be6 14. Nd2 Rc8
15. Re3 a6 16. Bf1 Qd7 17. Ba3 Bf5 18. Bb4 Nc6 19. Nb3 Nxb4 20. cxb4 Bc2 21.
Qd2 Bxb3 22. Rxb3 Qc7 23. b5 Qc2 24. Qe1 axb5 25. Rxb5 Rc7 26. Rxd5 e6 27. Rb5
Rd8 28. Qe3 Qa4 29. Rab1 Qxd4 30. Qxd4 Rxd4 31. Rxb7 Rxb7 32. Rxb7 Bxe5 33. Rb5
Bf6 34. Rb2 Rd1 35. Rc2 h5 36. g3 h4 37. gxh4 Bxh4 1/2-1/2

[Event "BL 9394 Empor Berlin-Zehlendorf"]
[Site "?"]
[Date "1994.??.??"]
[Round "?.1"]
[White "Loeffler, S."]
[Black "Kovalev, A."]
[Result "1-0"]
[WhiteElo "2440"]
[BlackElo "2530"]
[PlyCount "79"]
[EventDate "1994.??.??"]

1. d4 Nf6 2. c4 d6 3. Nc3 Nbd7 4. Nf3 g6 5. e4 e5 6. Be2 Bg7 7. O-O O-O 8. Qc2
c6 9. Rd1 Qe7 10. Rb1 exd4 11. Nxd4 Nc5 12. f3 Nh5 13. g4 Nf6 14. Bf4 Ne8 15.
Bg3 a5 16. Bf1 Kh8 17. Qf2 a4 18. h3 f5 19. exf5 gxf5 20. Re1 Qf7 21. Rbd1 Qc7
22. Qe3 Qb6 23. Rd2 a3 24. b3 Bd7 25. gxf5 Bxf5 26. Nxf5 Rxf5 27. Ne4 Rxf3 28.
Qxf3 Nxe4+ 29. Rf2 Nxg3 30. Bd3 Qa5 31. Re7 Nf6 32. Qxg3 Nh5 33. Qe3 Qd8 34.
Rf5 Qg8 35. Kh1 Nf6 36. Rg5 Re8 37. Rgxg7 Qxg7 38. Rxe8+ Nxe8 39. Qxe8+ Qg8 40.
Qe7 1-0

[Event "BL 9394 Empor Berlin-Zehlendorf"]
[Site "?"]
[Date "1994.??.??"]
[Round "?.2"]
[White "Muse, M."]
[Black "Vogel, R."]
[Result "1-0"]
[WhiteElo "2455"]
[BlackElo "2330"]
[PlyCount "83"]
[EventDate "1994.??.??"]

1. d4 Nf6 2. c4 c5 3. d5 d6 4. Nc3 g6 5. e4 Bg7 6. Bd3 O-O 7. h3 e5 8. g4 Na6
9. Bg5 Nc7 10. a3 Bd7 11. b4 b6 12. Qd2 a6 13. Nge2 Rb8 14. O-O h5 15. f3 Qe8
16. Rab1 hxg4 17. fxg4 Nh7 18. Be3 Qe7 19. Kg2 Bf6 20. Ng3 Bg5 21. Bxg5 Nxg5
22. Be2 Kg7 23. h4 Nh7 24. Rf2 Rh8 25. Rbf1 Be8 26. g5 Nf8 27. Rh1 Nd7 28. Bg4
b5 29. Bxd7 Qxd7 30. bxc5 dxc5 31. Nd1 bxc4 32. Qc3 Qe7 33. Ne3 Nb5 34. Qxc4
Nd4 35. Qxa6 Bd7 36. Nc4 Rb3 37. Qf6+ Qxf6 38. gxf6+ Kg8 39. Nxe5 Bc8 40. a4 c4
41. Nxc4 Rb4 42. Nd6 1-0

[Event "BL 9394 Empor Berlin-Zehlendorf"]
[Site "?"]
[Date "1994.??.??"]
[Round "?.3"]
[White "Rahls, P."]
[Black "Luther, T."]
[Result "0-1"]
[WhiteElo "2230"]
[BlackElo "2515"]
[PlyCount "72"]
[EventDate "1994.??.??"]

1. e4 e6 2. Nf3 c5 3. c3 d5 4. e5 Nc6 5. d4 Bd7 6. Be2 Nh6 7. O-O cxd4 8. cxd4
Nf5 9. Nc3 Rc8 10. Kh1 Be7 11. g4 Nh4 12. Nxh4 Bxh4 13. Be3 f6 14. f4 O-O 15.
exf6 Bxf6 16. g5 Be7 17. Bd3 g6 18. h4 Bd6 19. h5 Ne7 20. Ne2 Qb6 21. Rf2 Bb5
22. Ng3 Bxd3 23. Qxd3 Nf5 24. Nxf5 exf5 25. Kg2 Rfe8 26. Rh1 Bf8 27. Rc1 Qe6
28. Rxc8 Rxc8 29. Qb3 Qe4+ 30. Rf3 gxh5 31. Bf2 Rc2 32. Kg3 h4+ 33. Kxh4 Rxb2
34. Qd1 Rxa2 35. Kg3 a5 36. Qb3 Ra3 0-1

[Event "BL 9394 Empor Berlin-Zehlendorf"]
[Site "?"]
[Date "1994.??.??"]
[Round "?.4"]
[White "Volke, K."]
[Black "Heinig, W."]
[Result "1/2-1/2"]
[WhiteElo "2480"]
[BlackElo "2320"]
[PlyCount "89"]
[EventDate "1994.??.??"]

1. b4 c6 2. Bb2 d5 3. e3 Nf6 4. c4 Bg4 5. Nf3 e6 6. c5 a5 7. a3 Nbd7 8. Be2 b6
9. d4 g6 10. b5 Bxf3 11. gxf3 Qc7 12. bxc6 Qxc6 13. a4 Be7 14. Bb5 Qc7 15. c6
Nb8 16. Qe2 O-O 17. O-O Rc8 18. Rc1 Bb4 19. Nc3 Qd6 20. e4 Nh5 21. exd5 Nf4 22.
Qe5 exd5 23. Qxd6 Bxd6 24. Nd1 Na6 25. Ne3 Nb4 26. Ba3 h5 27. Nc2 Ne6 28. Bxb4
axb4 29. Rab1 Ng5 30. Kg2 h4 31. Ne3 h3+ 32. Kh1 Bf4 33. Nxd5 Bxc1 34. Ne7+ Kf8
35. Nxc8 Rxc8 36. Rxc1 Ke7 37. Rb1 Kd6 38. Rxb4 Nxf3 39. Bf1 Ng5 40. f4 Ne6 41.
d5 Kxd5 42. Bxh3 Kc5 43. Rb2 Rxc6 44. f5 Nd4 45. fxg6 1/2-1/2

[Event "BL 9394 Empor Berlin-Zehlendorf"]
[Site "?"]
[Date "1994.??.??"]
[Round "?.5"]
[White "Lieb, H."]
[Black "Rabiega, R."]
[Result "0-1"]
[WhiteElo "2275"]
[BlackElo "2480"]
[PlyCount "108"]
[EventDate "1994.??.??"]

1. d4 d5 2. c4 e6 3. Nc3 Nf6 4. Bg5 Bb4 5. e3 h6 6. Bxf6 Qxf6 7. Nf3 O-O 8. Qc2
c5 9. a3 Bxc3+ 10. bxc3 Nc6 11. cxd5 exd5 12. Be2 Bf5 13. Qb2 b6 14. O-O Rac8
15. Rac1 Rfd8 16. Bb5 Bg4 17. Ne1 Ne7 18. Bd3 Ng6 19. h3 Be6 20. Bxg6 Qxg6 21.
Kh2 Bf5 22. Nf3 Be4 23. Rg1 Re8 24. Nd2 Bd3 25. Nf3 Be4 26. Nd2 Bf5 27. Nf3 Rc7
28. c4 dxc4 29. Rxc4 Qd6+ 30. Kh1 Qd5 31. Qe2 Rc6 32. Rd1 Rd6 33. Rcc1 Red8 34.
Re1 Be4 35. dxc5 bxc5 36. Rg1 Qh5 37. Kh2 Rf6 38. Nd4 Qxe2 39. Nxe2 Rxf2 40.
Ng3 Bf3 41. Nf1 Bb7 42. Kg3 Rf5 43. Nh2 Rd3 44. Rge1 Rg5+ 45. Kf4 Rxg2 46. Ng4
h5 47. Ne5 g5+ 48. Kf5 Rf2+ 49. Kxg5 Rd5 50. Kxh5 Rxe5+ 51. Kh4 Rf3 52. Rc3 Bc8
53. Rg1+ Kh7 54. Rg3 Re4+ 0-1

[Event "BL 9394 Empor Berlin-Zehlendorf"]
[Site "?"]
[Date "1994.??.??"]
[Round "?.8"]
[White "Thinius, M."]
[Black "Kauschmann, H."]
[Result "1/2-1/2"]
[WhiteElo "2305"]
[BlackElo "2180"]
[PlyCount "95"]
[EventDate "1994.??.??"]

1. Nf3 Nf6 2. c4 g6 3. Nc3 Bg7 4. e4 d6 5. d4 O-O 6. Be2 Nc6 7. O-O Bg4 8. Be3
Bxf3 9. Bxf3 e5 10. d5 Ne7 11. c5 Ne8 12. Be2 f5 13. f3 dxc5 14. Bxc5 Nd6 15.
Qc2 a6 16. Be3 b5 17. a4 Qd7 18. axb5 axb5 19. Rxa8 Rxa8 20. Qb3 Rb8 21. Na4
Kh8 22. Nc5 Qc8 23. Rc1 Qe8 24. Ne6 fxe4 25. Rxc7 exf3 26. Bxf3 Rc8 27. Rxc8
Nexc8 28. Qc3 Qf7 29. Nxg7 Qxg7 30. Qc5 Qd7 31. h3 Kg7 32. Bg4 Nf5 33. Bd2 Ncd6
34. Bc3 Qe7 35. Be2 Ng3 36. Bxb5 Nge4 37. Qb4 Qa7+ 38. Kh2 Kf6 39. Be1 Qe3 40.
Ba6 Qf4+ 41. Kg1 Qe3+ 42. Kh1 h5 43. Qa5 Qc1 44. Qd8+ Kg7 45. Qe7+ Kg8 46. Qd8+
Kg7 47. Qe7+ Kg8 48. Qd8+ 1/2-1/2

[Event "BL 9394 Bamberg-Zähringen"]
[Site "?"]
[Date "1994.??.??"]
[Round "?.1"]
[White "Gavrikov, V."]
[Black "Pribyl, J."]
[Result "1-0"]
[WhiteElo "2590"]
[BlackElo "2395"]
[PlyCount "67"]
[EventDate "1994.??.??"]

1. Nf3 Nf6 2. c4 c5 3. Nc3 Nc6 4. d4 cxd4 5. Nxd4 g6 6. e4 Bg7 7. Be3 Ng4 8.
Qxg4 Nxd4 9. Qd1 Nc6 10. Qd2 d6 11. Be2 Be6 12. b3 O-O 13. Rc1 Qa5 14. O-O Rfc8
15. Rfd1 Ne5 16. h3 Kf8 17. f4 Nc6 18. Bf3 Rab8 19. Kh1 f5 20. exf5 gxf5 21.
Bf2 Bf7 22. Qe3 Rd8 23. Bh4 Qc5 24. Qe1 Rd7 25. Bd5 Qb4 26. Be6 Bxc3 27. Rxc3
Bxe6 28. Qxe6 Qxc3 29. Qxd7 Qc2 30. Re1 Re8 31. Bg5 Kf7 32. Qe6+ Kg7 33. Bh6+
Kh8 34. Qf6+ 1-0

[Event "BL 9394 Bamberg-Zähringen"]
[Site "?"]
[Date "1994.??.??"]
[Round "?.2"]
[White "Meister, P."]
[Black "Mikhalchishin, A."]
[Result "1-0"]
[WhiteElo "2415"]
[BlackElo "2530"]
[PlyCount "45"]
[EventDate "1994.??.??"]

1. d4 d5 2. c4 dxc4 3. e3 Nf6 4. Bxc4 e6 5. Nf3 c5 6. O-O a6 7. Bd3 cxd4 8.
exd4 Be7 9. Nc3 b5 10. a4 b4 11. Ne4 Bb7 12. Nc5 Bxc5 13. dxc5 Qc7 14. Bg5 Ng4
15. Re1 h6 16. Bf5 hxg5 17. Bxg4 Qxc5 18. Bxe6 O-O 19. Rc1 Qa5 20. Re5 Bxf3 21.
Bxf7+ Rxf7 22. Rc8+ Kh7 23. Qc2+ 1-0

[Event "BL 9394 Bamberg-Zähringen"]
[Site "?"]
[Date "1994.??.??"]
[Round "?.3"]
[White "Mann, C."]
[Black "Hennings, A."]
[Result "1-0"]
[WhiteElo "2455"]
[BlackElo "2365"]
[PlyCount "153"]
[EventDate "1994.??.??"]

1. e4 e5 2. Nf3 d6 3. Bc4 Be6 4. Bxe6 fxe6 5. d4 exd4 6. Nxd4 Qd7 7. O-O c5 8.
Nf3 Nc6 9. Bf4 Nf6 10. e5 dxe5 11. Bxe5 O-O-O 12. Qe2 Bd6 13. Nc3 Nd5 14. Rfe1
Nxc3 15. Bxc3 Rhe8 16. Ng5 e5 17. Nxh7 Qf5 18. Qe4 Qh5 19. Re3 Bc7 20. Rae1 Re7
21. Rh3 Qf7 22. Ng5 Qxa2 23. b3 Ba5 24. Bxa5 Qxa5 25. c3 Kb8 26. Qc4 Rd4 27.
Rh8+ Kc7 28. Ne6+ Rxe6 29. Qxe6 Qxc3 30. Rc8+ Kb6 31. Rxc6+ bxc6 32. Qxe5 Rd3
33. Qb8+ Ka6 34. Qc8+ Kb6 35. Qb8+ Ka6 36. Rf1 Qd4 37. Qc8+ Kb6 38. Qb8+ Ka6
39. h4 Rd1 40. Rxd1 Qxd1+ 41. Kh2 Qg4 42. g3 Qf3 43. Qc8+ Kb6 44. Qb8+ Ka6 45.
Kg1 Qd1+ 46. Kg2 Qd5+ 47. f3 c4 48. Qc8+ Kb6 49. Qb8+ Ka6 50. bxc4 Qxc4 51.
Qc8+ Kb6 52. Qb8+ Ka6 53. Qe5 Qc2+ 54. Kh3 g6 55. g4 c5 56. h5 gxh5 57. gxh5 c4
58. Qd6+ Ka5 59. h6 c3 60. Qd5+ Ka6 61. Qc6+ Ka5 62. Qc7+ Ka6 63. h7 Qf5+ 64.
Kh4 Qf6+ 65. Kg4 Qh8 66. Kh3 Qf6 67. Qc8+ Kb5 68. h8=Q Qxf3+ 69. Kh4 Qf4+ 70.
Kh5 Qh2+ 71. Kg6 Qxh8 72. Qxh8 Kc4 73. Kf5 Kb3 74. Qb8+ Ka2 75. Qxa7+ Kb1 76.
Qb6+ Ka2 77. Qa5+ 1-0

[Event "BL 9394 Bamberg-Zähringen"]
[Site "?"]
[Date "1994.??.??"]
[Round "?.4"]
[White "Pribyl, M."]
[Black "Maier, C."]
[Result "1-0"]
[WhiteElo "2360"]
[BlackElo "2355"]
[PlyCount "133"]
[EventDate "1994.??.??"]

1. Nf3 Nf6 2. d4 g6 3. Nc3 d6 4. e4 Bg7 5. Bc4 O-O 6. Qe2 c6 7. e5 Nd5 8. h3
Be6 9. Ne4 Nc7 10. Bxe6 Nxe6 11. O-O dxe5 12. dxe5 Nd7 13. Neg5 Nxg5 14. Bxg5
Nc5 15. Rad1 Qc7 16. Qe3 Ne6 17. Bh6 Rfd8 18. h4 Qb6 19. b3 Qxe3 20. Bxe3 Kf8
21. a4 c5 22. h5 gxh5 23. g3 f6 24. exf6 Bxf6 25. Kg2 Nd4 26. Rd2 Kf7 27. Rfd1
e5 28. Ng5+ Kg6 29. Ne4 b6 30. Nxf6 Kxf6 31. c3 Ne6 32. Rd7 Kf5 33. R1d6 Ke4
34. Rxd8 Nxd8 35. Kh3 Nb7 36. Rd7 Na5 37. b4 Nc4 38. Bh6 Kf3 39. Rf7+ Ke2 40.
bxc5 bxc5 41. Rc7 Kd3 42. Rxc5 Kxc3 43. Rc7 Kb3 44. f4 exf4 45. gxf4 Nd6 46. a5
Ka4 47. a6 Nf5 48. Bg5 h6 49. Bf6 Kb5 50. Be5 Kxa6 51. Rf7 Ne3 52. Bd4 Nd5 53.
f5 Nf4+ 54. Kh4 Rd8 55. Rxa7+ Kb5 56. Be5 Rd5 57. Bxf4 Rxf5 58. Bxh6 Kc4 59.
Bg5 Kd5 60. Kxh5 Rf1 61. Kg4 Ke4 62. Re7+ Kd5 63. Bf4 Rg1+ 64. Kf5 Rf1 65. Rd7+
Kc4 66. Ke4 Kc5 67. Rc7+ {(...)} 1-0

[Event "BL 9394 Bamberg-Zähringen"]
[Site "?"]
[Date "1994.??.??"]
[Round "?.5"]
[White "Schuh, H."]
[Black "Huemmer, B."]
[Result "1/2-1/2"]
[WhiteElo "2345"]
[BlackElo "2290"]
[PlyCount "47"]
[EventDate "1994.??.??"]

1. d4 Nf6 2. Nf3 d6 3. c4 c6 4. g3 Bg4 5. Bg2 Nbd7 6. h3 Bxf3 7. Bxf3 e5 8. Bg2
Be7 9. O-O O-O 10. dxe5 dxe5 11. Qc2 Qc7 12. b3 Rfe8 13. Bb2 Rad8 14. Nd2 Bc5
15. e3 Bf8 16. Rad1 Nc5 17. Nf3 e4 18. Ng5 Rxd1 19. Rxd1 Qe7 20. b4 h6 21. bxc5
hxg5 22. Rd6 Nd7 23. Bxe4 Qxe4 24. Qxe4 1/2-1/2

[Event "BL 9394 Bamberg-Zähringen"]
[Site "?"]
[Date "1994.??.??"]
[Round "?.7"]
[White "Brendel, O."]
[Black "Loew, G."]
[Result "1-0"]
[WhiteElo "2360"]
[BlackElo "2245"]
[PlyCount "83"]
[EventDate "1994.??.??"]

1. e4 c5 2. Nf3 Nc6 3. d4 cxd4 4. Nxd4 Nf6 5. Nc3 e5 6. Ndb5 d6 7. Nd5 Nxd5 8.
exd5 Nb8 9. c4 a6 10. Nc3 Be7 11. Bd3 O-O 12. O-O f5 13. f3 Bf6 14. Be3 g6 15.
c5 dxc5 16. Bxc5 Re8 17. Qb3 b5 18. Rac1 Kh8 19. Rfe1 Nd7 20. Bf2 Qe7 21. Bf1
Qd6 22. Red1 Bb7 23. Bxb5 axb5 24. Nxb5 Qb8 25. Nc7 Rc8 26. Nxa8 Qxa8 27. d6
Rxc1 28. Rxc1 Bd5 29. Qb5 Be6 30. a4 e4 31. fxe4 fxe4 32. a5 e3 33. Bxe3 Qe4
34. Bh6 Qd4+ 35. Kh1 Qxd6 36. Rc8+ Bg8 37. Rxg8+ Kxg8 38. Qc4+ Kh8 39. Qc8+ Nf8
40. Qxf8+ Qxf8 41. Bxf8 Bxb2 42. Bc5 1-0

[Event "BL 9394 Bamberg-Zähringen"]
[Site "?"]
[Date "1994.??.??"]
[Round "?.8"]
[White "Kestler, HG."]
[Black "Siegel, G."]
[Result "1/2-1/2"]
[WhiteElo "2350"]
[BlackElo "2385"]
[PlyCount "105"]
[EventDate "1994.??.??"]

1. e4 e6 2. d4 d5 3. e5 c5 4. c3 Nc6 5. Nf3 Nge7 6. Bd3 cxd4 7. cxd4 Nf5 8.
Bxf5 exf5 9. Nc3 Be6 10. Qb3 Qd7 11. O-O Be7 12. Be3 O-O 13. Rfc1 Rac8 14. h4
h6 15. Qa4 Qd8 16. g3 Na5 17. Nd2 Qb6 18. Rab1 Nc4 19. Nxc4 Rxc4 20. Qd1 Rfc8
21. Qd2 Qa5 22. a3 Kh7 23. Kg2 Qb6 24. Ne2 Qc6 25. Rxc4 dxc4+ 26. Kg1 Bd5 27.
Nf4 b5 28. Rd1 Rd8 29. Qa5 Rd7 30. Qd2 Bd8 31. Kh2 a5 32. Qc2 Be4 33. Qd2 Bd5
34. Qc2 Be4 35. Qd2 Bf3 36. Re1 Bd5 37. Rd1 Kg8 38. Rg1 Bf3 39. Rc1 Kh7 40. a4
Be4 41. axb5 Qxb5 42. Qc3 Rb7 43. e6 fxe6 44. Nxe6 Bf6 45. Nc5 Qxc5 46. dxc5
Bxc3 47. Rxc3 Rxb2 48. Rxc4 Rb1 49. Rc1 Rxc1 50. Bxc1 Kg6 51. Kg1 Kf7 52. Kf1
Ke6 53. Ke2 1/2-1/2

[Event "BL 9394 Erfurt-Dresden"]
[Site "?"]
[Date "1994.??.??"]
[Round "?.2"]
[White "Casper, T."]
[Black "Lanka, Z."]
[Result "1/2-1/2"]
[WhiteElo "2440"]
[BlackElo "2535"]
[PlyCount "83"]
[EventDate "1994.??.??"]

1. e4 c5 2. Nf3 Nc6 3. d3 g6 4. g3 Bg7 5. Bg2 d6 6. O-O e5 7. c3 Nge7 8. a3 h6
9. b4 Be6 10. Nbd2 Qd7 11. Rb1 O-O 12. Re1 Rae8 13. Bb2 b6 14. d4 exd4 15. cxd4
cxd4 16. Nb3 Ne5 17. Nbxd4 Ba2 18. Nxe5 dxe5 19. Nf5 Qxd1 20. Nxe7+ Rxe7 21.
Rbxd1 Rc8 22. Rc1 Rxc1 23. Rxc1 Rd7 24. Bf3 Bb3 25. Rc3 Be6 26. Bc1 h5 27. Be3
Bf6 28. h4 Bg4 29. Kg2 Bg7 30. Bxg4 hxg4 31. Kf1 Kh7 32. Ke2 f5 33. Rc4 Rf7 34.
exf5 gxf5 35. a4 Re7 36. Bg5 Rd7 37. Be3 Bf8 38. b5 Bd6 39. Bg5 Bc5 40. Be3 Bd6
41. Bg5 Bc5 42. Be3 1/2-1/2

[Event "BL 9394 Erfurt-Dresden"]
[Site "?"]
[Date "1994.??.??"]
[Round "?.3"]
[White "Borriss, M."]
[Black "Maiwald, JU."]
[Result "1/2-1/2"]
[WhiteElo "2375"]
[BlackElo "2490"]
[PlyCount "23"]
[EventDate "1994.??.??"]

1. e4 c5 2. c3 e6 3. d4 d5 4. e5 Nc6 5. Nf3 Qb6 6. a3 Bd7 7. b4 cxd4 8. cxd4
Rc8 9. Be3 Nh6 10. Bd3 Ng4 11. O-O Nxe3 12. fxe3 1/2-1/2

[Event "BL 9394 Erfurt-Dresden"]
[Site "?"]
[Date "1994.??.??"]
[Round "?.4"]
[White "Jasnikowski, Z."]
[Black "Goldberg, A."]
[Result "0-1"]
[WhiteElo "2475"]
[BlackElo "2405"]
[PlyCount "64"]
[EventDate "1994.??.??"]

1. d4 Nf6 2. c4 e6 3. Nf3 b6 4. g3 Bb7 5. Bg2 Be7 6. O-O O-O 7. Nc3 Na6 8. Bg5
c5 9. Rc1 d6 10. Qd2 h6 11. Bxf6 Bxf6 12. d5 exd5 13. Nxd5 Bxd5 14. cxd5 Re8
15. h4 Qd7 16. Nh2 Qb5 17. Ng4 Qxb2 18. Qf4 h5 19. Nxf6+ Qxf6 20. Qa4 Nc7 21.
Qc6 Na6 22. Qa4 Nc7 23. Qc6 Qd8 24. e4 b5 25. Rfd1 Rb8 26. Bh3 Re7 27. Rxc5 Rb6
28. Qxb6 axb6 29. Rc6 g6 30. e5 Rxe5 31. Rxc7 Rxd5 32. Rc8 Rxd1+ 0-1

[Event "BL 9394 Erfurt-Dresden"]
[Site "?"]
[Date "1994.??.??"]
[Round "?.6"]
[White "Mueller, Mat"]
[Black "Andresen, S."]
[Result "0-1"]
[WhiteElo "2350"]
[BlackElo "2370"]
[PlyCount "73"]
[EventDate "1994.??.??"]

1. e4 c5 2. Nf3 Nc6 3. d4 cxd4 4. Nxd4 Nf6 5. Nc3 d6 6. Bg5 e6 7. Qd2 a6 8.
O-O-O h6 9. Be3 Qc7 10. f4 Bd7 11. h3 b5 12. Bxb5 axb5 13. Ndxb5 Qb8 14. Nxd6+
Bxd6 15. Qxd6 Qxd6 16. Rxd6 Ne7 17. Rhd1 Bc6 18. Bb6 Nd7 19. Bf2 Rc8 20. a4 Nf6
21. R1d4 g5 22. f5 O-O 23. g4 Ne8 24. Rd8 e5 25. Rd1 Nf6 26. Rxf8+ Kxf8 27. Re1
Bb7 28. Bg3 Nc6 29. Rd1 Ke8 30. Re1 Rd8 31. Nb5 Rd7 32. Re3 h5 33. gxh5 Nxh5
34. c3 Na5 35. Na3 Nxg3 36. Rxg3 Bxe4 37. Rxg5 0-1

[Event "BL 9394 Erfurt-Dresden"]
[Site "?"]
[Date "1994.??.??"]
[Round "?.7"]
[White "Kaminski, U."]
[Black "Troyke, C."]
[Result "1-0"]
[WhiteElo "2390"]
[BlackElo "2375"]
[PlyCount "127"]
[EventDate "1994.??.??"]

1. e4 c5 2. Nf3 Nc6 3. d4 cxd4 4. Nxd4 g6 5. c4 Bg7 6. Be3 Nf6 7. Nc3 O-O 8.
Be2 d6 9. O-O Bd7 10. Nc2 a5 11. f3 Be6 12. Qd2 Nd7 13. Kh1 Nc5 14. Rad1 a4 15.
Nd4 Nxd4 16. Bxd4 Qb6 17. Bxg7 Kxg7 18. Rfe1 Rfc8 19. Nb5 Qa5 20. Qd4+ f6 21.
Bf1 Bf7 22. Rc1 Nd7 23. Nc3 Rc5 24. Nd5 e5 25. Qe3 Bxd5 26. exd5 Rac8 27. Rb1
R5c7 28. Qa3 Qc5 29. Re3 b6 30. Rbe1 Qxa3 31. Rxa3 Nc5 32. b4 axb3 33. axb3 Rb8
34. b4 Nd7 35. Rea1 f5 36. Ra7 Rbb7 37. Rxb7 Rxb7 38. Kg1 Kf6 39. Kf2 e4 40. f4
b5 41. cxb5 Nb6 42. Ke3 Nxd5+ 43. Kd4 Nxf4 44. Ra6 Ne6+ 45. Kc4 Ke5 46. b6 d5+
47. Kb5 Nd4+ 48. Kc5 Ne6+ 49. Kb5 d4 50. Ra5 Kd6 51. Ka6 Rb8 52. Ka7 Rd8 53. b7
Kc7 54. Ra1 d3 55. Rc1+ Kd6 56. b8=Q+ Rxb8 57. Kxb8 Nd4 58. Kb7 d2 59. Ra1 e3
60. b5 Kc5 61. b6 g5 62. Kc7 f4 63. b7 Nc6 64. Be2 1-0

[Event "BL 9394 Erfurt-Dresden"]
[Site "?"]
[Date "1994.??.??"]
[Round "?.8"]
[White "Brueggemann, Joa"]
[Black "Meyer, P."]
[Result "1-0"]
[WhiteElo "2340"]
[BlackElo "2345"]
[PlyCount "83"]
[EventDate "1994.??.??"]

1. e4 e6 2. d4 d5 3. Nc3 Nf6 4. Bg5 dxe4 5. Nxe4 Be7 6. Bxf6 gxf6 7. Nf3 b6 8.
Bb5+ c6 9. Bc4 Bb7 10. Qe2 Qc7 11. O-O-O Nd7 12. Rhe1 O-O-O 13. Ba6 Rhe8 14.
Kb1 Nf8 15. Bxb7+ Kxb7 16. Qc4 f5 17. Nc3 Ng6 18. a4 Rd7 19. g3 Red8 20. Rd3
Bf6 21. Red1 Ne7 22. Qb3 c5 23. dxc5 Rxd3 24. cxd3 Qxc5 25. d4 Qc6 26. Ne5 Qe8
27. Nb5 a6 28. Nc3 Bxe5 29. dxe5 Nc6 30. f4 Qe7 31. Qc2 Rd4 32. Rc1 Qc5 33. Qg2
Rc4 34. Qh3 Nd4 35. Qxh7 Qc7 36. Qh5 b5 37. axb5 axb5 38. Rd1 b4 39. Ne2 Nb3
40. Qf3+ Qc6 41. Qxb3 Qe4+ 42. Qd3 1-0

[Event "BL 9394 Koblenz-Porz"]
[Site "?"]
[Date "1994.??.??"]
[Round "?.3"]
[White "Christiansen, L."]
[Black "Reschke, S."]
[Result "1-0"]
[WhiteElo "2560"]
[BlackElo "2390"]
[PlyCount "69"]
[EventDate "1994.??.??"]

1. c4 Nf6 2. Nc3 g6 3. e4 d6 4. d4 Bg7 5. f3 O-O 6. Be3 Nc6 7. Nge2 a6 8. Qd2
Rb8 9. h4 h5 10. Bh6 Bxh6 11. Qxh6 e5 12. Rd1 exd4 13. Nxd4 Ne5 14. Be2 c6 15.
Qg5 Bd7 16. O-O b5 17. c5 dxc5 18. Ne6 fxe6 19. Qxe5 c4 20. Rd6 Rb7 21. Qg5
Qb6+ 22. Kh1 Be8 23. Rxe6 Nh7 24. Qg3 Bf7 25. Rd6 b4 26. Bxc4 Bxc4 27. Rxg6+
Kf7 28. Rd1 Ke8 29. Nd5 Bxd5 30. exd5 Re7 31. Rxc6 Qb7 32. Rdc1 Kd8 33. d6 Ref7
34. Qe5 Rd7 35. Rc8+ 1-0

[Event "BL 9394 Koblenz-Porz"]
[Site "?"]
[Date "1994.??.??"]
[Round "?.4"]
[White "Fritsche, L."]
[Black "Hickl, J."]
[Result "0-1"]
[WhiteElo "2375"]
[BlackElo "2535"]
[PlyCount "84"]
[EventDate "1994.??.??"]

1. e4 d5 2. exd5 Qxd5 3. Nc3 Qa5 4. Bc4 Nf6 5. Nf3 c6 6. O-O Bg4 7. h3 Bh5 8.
Re1 Nbd7 9. d4 e6 10. Bd2 Qc7 11. Bg5 Bb4 12. g4 Bg6 13. Ne5 Nxe5 14. dxe5 Bxc3
15. bxc3 Ne4 16. Bf4 Nxc3 17. Qf3 Nd5 18. Bg3 Qa5 19. Bb3 Rd8 20. Bh4 Rd7 21.
Rad1 b5 22. Bg5 O-O 23. h4 h6 24. Bd2 Qd8 25. h5 Bh7 26. c4 bxc4 27. Bxc4 Nb6
28. Ba5 Rxd1 29. Rxd1 Qg5 30. Be2 Bc2 31. Rd2 Ba4 32. Qg3 Nd5 33. Rd4 Qc1+ 34.
Kh2 Bb5 35. Bf3 Qc5 36. Re4 Bd3 37. g5 hxg5 38. Rg4 Qxa5 39. Rxg5 Qd2 40. Rxg7+
Kh8 41. Bg2 Bh7 42. Qh4 Qf4+ 0-1